000
00337nam a22001337a 4500
999
_c
534281
_d
534281
020
_a
9789693522686
040
_c
MSOHAIL
082
_a
891.4393
100
_a
A Hameed - اے حمید
_9
28444
245
_a
Majmua A Hameed - مجموعہ اے حمید
260
_a
Lahore
_b
Sang-e-Meel
_c
c2009
300
_a
560;pxv
942
_2
ddc
_c
BK